Método moderno

Saved in:
Bibliographic Details
Main Author: Alfredo Henriques B Serra
Format: Unknown
Language:Portuguese
Published: Porto Figueirinhas 1917
Textbook Catalogue:MANES:  Library Catalog Search Result
Textbook Classification:
Tags: Add Tag
No Tags, Be the first to tag this record!
Added to:2016-04-26
Changed in:2025-04-25

MARC

LEADER 000000000a22000000004500
001 36870
003 OSt
005 20250425110757.0
008 160427s po ||||| |||| 00| 0 por d
041 |a Portugués 
561 |5 pt-MJD  |a Portugal. Museu João de Deus  |k MANES 
691 |a PRI 
100 1 |a Alfredo Henriques B  |b Serra  |9 18993 
245 0 0 |a Método moderno 
260 3 |a Porto  |b Figueirinhas  |c 1917 
300 |a 111 p.  |c 19 cm 
500 |a Registro Topográfico: 5845 
690 |a EyL 
942 |2 ddc  |c BK 
546 |a Portugal 
999 |c 40329  |d 40329 
999 |c manes:40329  |d 40329